Build the Castle (SVG Quiz) - Statistics

General Stats
  • This quiz has been taken 11 times
  • The average score is 7 of 41
Answers on the Map
Answers color-coded by a green-red scale on the quiz's map according to % correct below.
 
Answer Stats
Question Answer % Correct
What type of fortified complex can be found in historic Russian cities? Kremlin
60%
Which castle is the largest in England? Windsor Castle
50%
How many Studio Ghibli film titles contain the word "castle"? 2
40%
Which castle was home to the Knights of the Round Table? Camelot
40%
Which fortified gorge in the White Mountains was attacked by Saruman's army? Helm's Deep
40%
What German term describes a castle that is largely defended by water? Wasserburg
40%
Potala Palace was originally the winter residence of which leader? Dalai Lama
30%
Which large fictional castle and school is located in the Scottish Highlands? Hogwarts
30%
Various ancient walls in China were connected to form the Great Wall of China during the reign of which emperor?? Qin Shi Huang
30%
The oldest military building in Canada is located in which city? Quebec City
30%
What shape are the Viking forts known as trelleborgs? Ring
30%
What monument currently sits on top of Fort Wood? Statue of Liberty
30%
In which real castle was the leader of those knights said to have been born? Tintagel Castle
30%
The Castillo San Felipe de Barajas is located in which South American city? Cartagena
20%
Which fictional castle may have been based on Bran Castle in Romania? Castle Dracula
20%
What two-word French term is used specifically to describe a castle, rather than a palace or country house? Château fort
20%
The citadel of Sacsayhuamán is located on the outskirts of which city? Cusco
20%
Citadelle Laferrière is located in which country? Haiti
20%
What is the most visited castle in Japan? Himeji Castle
20%
Which castle in Poland is the largest castle in the world? Malbork Castle
20%
Which city, the largest on the Baltic Sea, was founded as a Swedish fortress? Saint Petersburg
20%
What word can mean a small tower or a device used to aim missiles? Turret
20%
What name is given to a type of Moorish castle in Spain or Portugal (there is a famous one in Segovia)? Alcázar
10%
Which fortress in Rome was originally constructed as a mausoleum for an emperor? Castel Sant'Angelo
10%
Which large citadel in the Middle East was significantly damaged by conflict during the early to mid-2010s? Citadel of Aleppo
10%
Krak des Chevaliers belonged to which Catholic military order between 1142 and 1271? Knights Hospitaller
10%
What term is used to refer to a fortified Berber village? Ksar
10%
What type of barrier, usually found on fortifications, is an extension of the wall at the edge of a roof? Parapet
10%
Which Mughal emperor commissioned construction of the Red Fort in Delhi? Shah Jahan
10%
Which video game contains the castles Dragonsreach, Fort Dawnguard and Castle Dour? The Elder Scrolls V: Skyrim
10%
Which fortress was the first headquarters of the Assassins? Alamut
0%
What name is given to a roundel that is clearly higher than the castle walls? Battery Tower
0%
Which city in Central Asia contains a fortress called the Ark? Bukhara
0%
Which fort is the oldest existing building in South Africa? Castle of Good Hope
0%
What fort is located at the south end of a beach in Rio de Janeiro? Fort Copacabana
0%
Which city in Ethiopa is the location of the fortress Fasil Ghebbi? Gondar
0%
What keep is used to train witchers of the School of the Wolf? Kaer Morhen
0%
What word typically refers to a collection of buildings in a keep or citadel, in the Maghreb? Kasbah
0%
What word is used to describe a large fortified Celtic settlement? Oppidum
0%
Which castle is the seat of the Lord of the Seven Kingdoms? Red Keep
0%
What room in a castle functioned as the private sitting room for the lord's family? Solar
0%
No matching quizzes found
Score Distribution
Percent of People with Each Score
Percentile by Number Answered
Your Score History
You have not taken this quiz